000 00992nam a22002417a 4500
003 NUST
005 20260513143208.0
008 220308b ||||| |||| 00| 0 eng d
020 _a0671581104(pbk)
022 _2978-0671581107
082 _a100,DUR
100 _aDurant, Will.
_990484
245 _aThe Pleasures of philosophy:
_bAn attempt at consistent philosophy of life /
_cWill Durant
260 _aNew York & Lahore
_bSimon and Schuster, Services book Club
_c1981 & 1995
300 _a446 p;.
505 _aIntroduction (Page-1), Logic and Epistemology (Page-15), Metaphysics (Page-33), Problems of Morality (Page-73), Esthetics (Page-189), Philosophy of History (Page-205), Political Philosophy (Page-275), Religion: A Dialogue (Page-333), Envol (Page-397).
526 _a0
_b0
_c0
_d128_000000000000000_DUR
563 _aH.B
650 _aMansions of Philosophy
_9134436
650 _aSCEE
_990486
650 _aPhilosophical Anthropology.
_990487
942 _2ddc
_cBK
_k100,DUR
999 _c617435
_d617435